Вып. 7: [сборник]; Химия элементоорганических соединений

Xehetasun bibliografikoak
Parent link:Химия элементоорганических соединений: межвузовский сборник/ Горьковский государственный университет им. Н. И. Лобачевского (ГГУ). Вып. 7.— , 1976-1986
Beste egile batzuk: Александров Ю. А. (редактор)
Hizkuntza:errusiera
Argitaratua: 1979
Gaiak:
Formatua: MixedMaterials Liburua
KOHA link:https://koha.lib.tpu.ru/cgi-bin/koha/opac-detail.pl?biblionumber=347098

MARC

LEADER 00000nam2a2200000 4500
001 347098
005 20231102005948.0
035 |a (RuTPU)RU\TPU\book\378983 
035 |a RU\TPU\book\357852 
035 |a RU\TPU\book\357853 
090 |a 347098 
100 |a 20220214d1979 k y0rusy50 ca 
101 0 |a rus 
102 |a RU 
105 |a a z 001zy 
200 0 |a Вып. 7  |e [сборник]  |f отв. ред. Ю. А. Александров 
210 |d 1979 
215 |a 114 с.  |c ил. 
320 |a Библиогр. в конце ст. 
461 1 |0 (RuTPU)RU\TPU\book\296323  |t Химия элементоорганических соединений  |o межвузовский сборник  |f Горьковский государственный университет им. Н. И. Лобачевского (ГГУ)  |v Вып. 7  |d 1976-1986 
606 1 |a Элементоорганические соединения  |x Химия  |2 stltpush  |3 (RuTPU)RU\TPU\subj\21138  |9 46177 
610 1 |a синтез 
610 1 |a переходные элементы 
610 1 |a непереходные элементы 
610 1 |a перекисные соединения 
610 1 |a химические свойства 
610 1 |a термическое разложение 
610 1 |a фотохимическое разложение 
610 1 |a кинетика 
610 1 |a механизм 
610 1 |a автоокисление 
610 1 |a озонолиз 
610 1 |a хроматография 
610 1 |a спектроскопия 
610 1 |a полярография 
675 |a 547.1'1  |v 3 
702 1 |a Александров  |b Ю. А.  |4 340 
801 1 |a RU  |b 63413507  |c 20131225 
801 2 |a RU  |b 63413507  |c 20220214  |g RCR 
942 |c BK